000 00917na a2200265 4500
001 16632
003 MIRAKIL
005 20181213154855.0
008 161012b tu 000 0
035 _a16632
040 _aMilas
_btur
_cTR-AnCHP
041 _atur
082 _a956.211
_bİ95i 2009
090 _a956.211 İ95i 2009
111 _a"İzmirli Olmak" Sempozyumu
_cİzmir
_d2009
245 _a"İzmirli Olmak" Sempozyum bildirileri, 22-24 Ekim 2009
_cİzmir Büyükşehir Belediyesi
246 _aİzmirli Olmak Sempozyum bildirileri, 22-24 Ekim 2009
260 _aAnkara
_bİzmir Büyükşehir Belediyesi
_c2009
300 _a496 s.
_bgrf. ; tbl. ; fotğ.
_c24 sm.
440 _aİzmir Büyükşehir Belediyesi Kültür Yayını
504 _aKaynakçalar bölüm sonlarındadır.
651 _aİzmir
_xKültür ve sanat
_yToplantılar
651 _aİzmir
_xTarih
_yToplantılar
942 _2ddc
_cBKS
999 _c2390
_d2390